Repensando la relación entre democracia y representación: algunas propuestas para ampliar el canon democrático /
El argumento central que se desarrolla en este artículo es que toda política democrática es política representativa. En esta línea, se pretende demostrar que la idea de que la democracia y la representación son casi antitéticas, se basa en consideraciones poco fundamentadas. La representación, al ig...
Збережено в:
| Автор: | |
|---|---|
| Формат: | Текст |
| Предмети: | |
| Теги: |
Додати тег
Немає тегів, Будьте першим, хто поставить тег для цього запису!
|
MARC
| LEADER | 00000 a a2200000 04500 | ||
|---|---|---|---|
| 001 | 46259 | ||
| 003 | |||
| 040 | |||
| 100 | |a Monsiváis Carrilllo , Alejandro | ||
| 245 | |a Repensando la relación entre democracia y representación: |b algunas propuestas para ampliar el canon democrático / |c Alejandro Monsiváis Carrilllo | ||
| 520 | |a El argumento central que se desarrolla en este artículo es que toda política democrática es política representativa. En esta línea, se pretende demostrar que la idea de que la democracia y la representación son casi antitéticas, se basa en consideraciones poco fundamentadas. La representación, al igual que la participación política, es un fenómeno político que puede cumplir con estándares democráticos o no, de acuerdo con las condiciones y circunstancias en las que se manifieste. | ||
| 590 | |a RRH/MAYO2014 | ||
| 650 | |a 1.DEMOCRACIA | ||
| 650 | |a 2.PARTICIPACION POLITICA | ||
| 650 | |a 3.GOBERNANCIA | ||
| 650 | |a 4.ESTADO | ||
| 650 | |a 5.INTERESES | ||
| 650 | |a 6.POLITICA | ||
| 773 | |g volumen21, número41 ( , 2013), páginas 45-69 | ||
| 999 | |c 33090 |d 33090 | ||
